000 01274cam a2200337 a 4500
003 CHAP
005 20220329142116.0
008 990701d1997 mx r 00110 spa d
010 _a78557
011 _a79529
020 _a9687798319
035 _a89788
040 _cCHAP
082 0 4 _a370.19316
_bP3
100 0 0 _aPallán Figueroa, Carlos
_eed.
_984935
245 1 0 _aEstrategias para el impulso de la vinculación universidad-empresa :
_bfactores que inciden en su desarrollo
_c/ed. por Carlos Pallán Figueroa y Gerardo Avila García
260 _aMéxico, D.F. :
_bAsociación Nacional de Universidades e Instituciones de Educación Superior,
_c1997.
300 _a460 p. :
_bgráfs.
590 _aBATCH-UPD
_b10
_c20130110
_lUCH01
_h0425
590 _aBATCH-UPD
_b10
_c20130410
_lUCH01
_h0100
590 _aBATCH-UPD
_b10
_c20130914
_lUCH01
_h0456
590 _aCONVERSION
_b10
_c20130109
_lUCH01
_h1344
650 1 4 _aUniversidades
_xAdministración.
_9116596
650 1 4 _aUniversidades
_xInvestigación.
_9116636
650 1 4 _aVinculación Universidad-Empresa.
_9119835
700 0 _aAvila García, Gerardo
_eed.
_98785
901 _aBK
905 _aMayto Villalobos S.
942 _cLIBRO
949 _a370.19316 P3
_bBC
_cLIBRO
_d33724000730149
_eLIBRO
_h95682
_i89788
_si
999 _c78557
_d78557